| 000 | 01413cam a2200361 a 4500 | ||
|---|---|---|---|
| 001 | 14273852 | ||
| 003 | mut | ||
| 005 | 20240606080957.0 | ||
| 008 | 060222s2006 njuab b 001 0 eng | ||
| 010 | _a 2006272535 | ||
| 020 | _a9780471704386 (pbk.) | ||
| 020 | _a0471704385 (pbk.) | ||
| 040 |
_aDLC _cDLC _dDLC |
||
| 050 | 0 | 0 |
_aGE70 _b.R38 2006 |
| 082 | 0 | 0 |
_a363.7 _222 |
| 100 | 1 | _aRaven, Peter H. | |
| 245 | 1 | 0 | _aEnvironment. |
| 250 |
_a5th ed. / _bPeter H. Raven, Linda R. Berg. |
||
| 260 |
_aHoboken, NJ : _bWiley, _cc2006. |
||
| 300 |
_a1 v. (various pagings) : _bill. (some col.), col. maps ; _c28 cm. |
||
| 500 | _a"2004 world population data sheet" (1 folded leaf) in pocket. | ||
| 504 | _aIncludes bibliographical references and index. | ||
| 650 | 0 | _aEnvironmental education. | |
| 650 | 0 | _aEnvironmental policy. | |
| 650 | 0 | _aConservation of natural resources. | |
| 700 | 1 | _aBerg, Linda R. | |
| 856 | 4 | 1 |
_3Table of contents only _uhttp://www.loc.gov/catdir/toc/fy0612/2006272535.html |
| 856 | 4 | 2 |
_3Publisher description _uhttp://www.loc.gov/catdir/enhancements/fy0629/2006272535-d.html |
| 856 | 4 | 2 |
_3Contributor biographical information _uhttp://www.loc.gov/catdir/enhancements/fy0654/2006272535-b.html |
| 906 |
_a7 _bcbc _corigcop _d2 _encip _f20 _gy-gencatlg |
||
| 942 |
_2lcc _cBK |
||
| 999 |
_c5473 _d5473 |
||